000 01247nam a22003497a 4500
003 CHAP
005 20220329143150.0
008 060920d2006 mx r 00110 spa d
010 _a92758
011 _a93730
035 _a104310
040 _cCHAP
090 _aTesis
100 0 0 _aAquino Correo, Guillermina.
_96394
245 1 3 _aLa industria de la caña de azúcar y sus efectos en el municipio de Coxcatlan, Puebla
_c/por Guillermina Aquino Correo
260 _aChapingo, Méx. :
_bEl autor,
_c2006.
300 _a145 h.
502 _aTesis (M. C. en Desarrollo Rural Regional) - - UACH. Dirección de Centros Regionales
590 _aALEPH
_b10
_c20130110
_lUCH01
_h1513
590 _aBATCH-UPD
_b10
_c20130110
_lUCH01
_h0417
590 _aBATCH-UPD
_b10
_c20130410
_lUCH01
_h0052
590 _aBATCH-UPD
_b10
_c20130914
_lUCH01
_h0837
590 _aCONVERSION
_b10
_c20130109
_lUCH01
_h1351
650 1 4 _aCaña de azúcar
_xIndustria.
_918616
650 1 4 _aCaña de azúcar
_xMercadeo.
_918627
650 1 4 _aCaña de azúcar
_zPuebla.
_918670
901 _aBK
905 _aLilia
942 _cFOLL
949 _aTesis
_bBC
_cTES
_d00000001043101
_eTS1
_h45729
_i104310
_sb
949 _aTesis
_bBC
_cTES
_d33724000989448
_eTS2
_fc.2
_h45730
_i104310
_sb
999 _c92758
_d92758